Central Library OPAC University of Rajshahi

Private enterprise and public policy / (Record no. 4113)

MARC details
000 -LEADER
fixed length control field 00835cam a22002651 4500
001 - CONTROL NUMBER
control field 4113
003 - CONTROL NUMBER IDENTIFIER
rucl marc code BD-RjUL
005 - DATE AND TIME OF LATEST TRANSACTION
control field 20211208233832.0
008 - FIXED-LENGTH DATA ELEMENTS--GENERAL INFORMATION
fixed length control field 160727s1954 nyu b 001 0 eng d
035 ## - SYSTEM CONTROL NUMBER
System control number (BD-RjUL)4147
System control number (OCoLC)372964
040 ## - CATALOGING SOURCE
Original cataloging agency DLC
Transcribing agency OClU
Modifying agency Uk
-- DLC
-- (BD-RjUL)
Language of cataloging eng
041 ## - LANGUAGE CODE
Language code of text/sound track or separate title eng
082 04 - DEWEY DECIMAL CLASSIFICATION NUMBER
Classification number 320.05
Author mark and year ANP 1954
100 1# - MAIN ENTRY--PERSONAL NAME
Personal name Anshen, Melvin.
9 (RLIN) 13062
245 10 - TITLE STATEMENT
Title Private enterprise and public policy /
Statement of responsibility, etc. [by] Melvin Anshen [and] Francis D. Wormuth.
260 ## - PUBLICATION, DISTRIBUTION, ETC. (IMPRINT)
Place of publication, distribution, etc. New York :
Name of publisher, distributor, etc. Macmillan,
Date of publication, distribution, etc. [1954]
300 ## - PHYSICAL DESCRIPTION
Pagination 742 p. ;
Size 25cm.
504 ## - BIBLIOGRAPHY, ETC. NOTE
Bibliography, etc Includes bibliographies.
650 #0 - SUBJECT ADDED ENTRY--TOPICAL TERM
Topical term or geographic name as entry element Industrial policy
Geographic subdivision United States.
9 (RLIN) 6147
651 #0 - SUBJECT ADDED ENTRY--GEOGRAPHIC NAME
Geographic name United States
General subdivision Economic policy
9 (RLIN) 13063
700 1# - ADDED ENTRY--PERSONAL NAME
Personal name Wormuth, Francis Dunham,
Dates associated with a name 1909-
Relator term jt. auth.
942 ## - ADDED ENTRY ELEMENTS (KOHA)
Source of classification or shelving scheme Dewey Decimal Classification
Koha item type Books
Holdings
Lost status Source of classification or shelving scheme Damaged status Not for loan Collection code Permanent Location Current Location Shelving location Date acquired Source of acquisition Cost, normal purchase price Total Checkouts Full call number Date last seen Copy number Koha item type
  Dewey Decimal Classification     Non-fiction Central Library, University of Rajshahi Central Library, University of Rajshahi   05/03/1974 Canada govt Gift 3.12   338.975 ANP 1954 21/12/2013 C-2 Books
  Dewey Decimal Classification     Non-fiction Central Library, University of Rajshahi Central Library, University of Rajshahi   05/03/1974 Canada govt Gift 3.12   338.973 ANP 1954 27/07/2016 C-3 Books